00576nam a22000977a 4500008004100000010001200041245008200053260000900135500014400144500019000288110616t xxu||||| |||| 00| 0 eng d aCACAF46 aCourt of Appeal Criminal Appeal No. 84 OF 2000 Mukwanga G. William Vs Uganda  c2000 aCoram: Hon. Lady Justice L.E.M. Mukasa-Kikonyogo, DCJ Hon. Mr. Justice J.P. Berko,JA Hon. Mr. Justice S.G. Engwau, JA aAppeal from a conviction and sentence of the High Court of Uganda holden at Mukono before Mr. Justice P.K.K. Onega dated 3rd day of October 2000 in Criminal Session Case No. 730 of 1999